<?xml version="1.0" encoding="UTF-8"?>
<record
    xmlns:xsi="http://www.w3.org/2001/XMLSchema-instance"
    xsi:schemaLocation="http://www.loc.gov/MARC21/slim http://www.loc.gov/standards/marcxml/schema/MARC21slim.xsd"
    xmlns="http://www.loc.gov/MARC21/slim">

  <leader>02237nam0a2200373   4500</leader>
  <controlfield tag="001">RU\NLR\bibl\1655496</controlfield>
  <controlfield tag="005">20260407233634.0</controlfield>
  <datafield tag="021" ind1=" " ind2=" ">
    <subfield code="a">RU</subfield>
    <subfield code="b">2010-45287</subfield>
    <subfield code="9">3026</subfield>
  </datafield>
  <datafield tag="035" ind1=" " ind2=" ">
    <subfield code="a">(NLR Aleph) 001646797</subfield>
  </datafield>
  <datafield tag="090" ind1=" " ind2=" ">
    <subfield code="a">896537</subfield>
    <subfield code="c">896537</subfield>
  </datafield>
  <datafield tag="100" ind1=" " ind2=" ">
    <subfield code="a">20100715d2010    |||y0rusy50      ca</subfield>
  </datafield>
  <datafield tag="101" ind1="0" ind2=" ">
    <subfield code="a">rus</subfield>
    <subfield code="a">eng</subfield>
  </datafield>
  <datafield tag="102" ind1=" " ind2=" ">
    <subfield code="a">RU</subfield>
  </datafield>
  <datafield tag="105" ind1=" " ind2=" ">
    <subfield code="a">a   |||||||||</subfield>
  </datafield>
  <datafield tag="200" ind1="1" ind2=" ">
    <subfield code="a">VIII &#x41C;&#x435;&#x436;&#x434;&#x443;&#x43D;&#x430;&#x440;&#x43E;&#x434;&#x43D;&#x430;&#x44F; &#x448;&#x43A;&#x43E;&#x43B;&#x430;-&#x441;&#x435;&#x43C;&#x438;&#x43D;&#x430;&#x440; "&#x424;&#x438;&#x437;&#x438;&#x447;&#x435;&#x441;&#x43A;&#x438;&#x435; &#x43E;&#x441;&#x43D;&#x43E;&#x432;&#x44B; &#x43F;&#x440;&#x43E;&#x433;&#x43D;&#x43E;&#x437;&#x438;&#x440;&#x43E;&#x432;&#x430;&#x43D;&#x438;&#x44F; &#x440;&#x430;&#x437;&#x440;&#x443;&#x448;&#x435;&#x43D;&#x438;&#x44F; &#x433;&#x43E;&#x440;&#x43D;&#x44B;&#x445; &#x43F;&#x43E;&#x440;&#x43E;&#x434;", &#x421;&#x430;&#x43D;&#x43A;&#x442;-&#x41F;&#x435;&#x442;&#x435;&#x440;&#x431;&#x443;&#x440;&#x433;, 24-29 &#x43C;&#x430;&#x44F; 2010 &#x433;.</subfield>
    <subfield code="d">VIII International workshop "Physics and forecasting of rock destruction", St. Petersdurg, may 24-29, 2010</subfield>
    <subfield code="e">&#x442;&#x435;&#x437;&#x438;&#x441;&#x44B; &#x434;&#x43E;&#x43A;&#x43B;&#x430;&#x434;&#x43E;&#x432;</subfield>
    <subfield code="z">eng</subfield>
  </datafield>
  <datafield tag="210" ind1=" " ind2=" ">
    <subfield code="a">&#x41C;&#x43E;&#x441;&#x43A;&#x432;&#x430;</subfield>
    <subfield code="c">&#x418;&#x43D;&#x441;&#x442;&#x438;&#x442;&#x443;&#x442; &#x444;&#x438;&#x437;&#x438;&#x43A;&#x438; &#x417;&#x435;&#x43C;&#x43B;&#x438;</subfield>
    <subfield code="d">2010</subfield>
  </datafield>
  <datafield tag="215" ind1=" " ind2=" ">
    <subfield code="a">99 &#x441;.</subfield>
    <subfield code="c">&#x438;&#x43B;., &#x446;&#x432;. &#x438;&#x43B;.</subfield>
    <subfield code="d">29</subfield>
  </datafield>
  <datafield tag="300" ind1=" " ind2=" ">
    <subfield code="a">&#x412; &#x43D;&#x430;&#x434;&#x437;&#x430;&#x433;.: &#x420;&#x43E;&#x441;. &#x430;&#x43A;&#x430;&#x434;. &#x43D;&#x430;&#x443;&#x43A;, &#x41E;&#x442;&#x434;-&#x43D;&#x438;&#x435; &#x43D;&#x430;&#x443;&#x43A; &#x43E; &#x417;&#x435;&#x43C;&#x43B;&#x435; &#x420;&#x410;&#x41D;, &#x41E;&#x442;&#x434;-&#x43D;&#x438;&#x435; &#x444;&#x438;&#x437;. &#x43D;&#x430;&#x443;&#x43A; &#x420;&#x410;&#x41D;, &#x424;&#x438;&#x437;.-&#x442;&#x435;&#x445;&#x43D;. &#x438;&#x43C;. &#x410;.&#x424;. &#x418;&#x43E;&#x444;&#x444;&#x435;, &#x418;&#x43D;-&#x442; &#x444;&#x438;&#x437;&#x438;&#x43A;&#x438; &#x417;&#x435;&#x43C;&#x43B;&#x438; &#x438;&#x43C;. &#x41E;.&#x42E;. &#x428;&#x43C;&#x438;&#x434;&#x442;&#x430;</subfield>
  </datafield>
  <datafield tag="300" ind1=" " ind2=" ">
    <subfield code="a">&#x427;&#x430;&#x441;&#x442;&#x44C; &#x442;&#x435;&#x43A;&#x441;&#x442;&#x430; &#x43D;&#x430; &#x430;&#x43D;&#x433;&#x43B;. &#x44F;&#x437;.</subfield>
  </datafield>
  <datafield tag="320" ind1=" " ind2=" ">
    <subfield code="a">&#x411;&#x438;&#x431;&#x43B;&#x438;&#x43E;&#x433;&#x440;. &#x432; &#x43A;&#x43E;&#x43D;&#x446;&#x435; &#x434;&#x43E;&#x43A;&#x43B;.</subfield>
  </datafield>
  <datafield tag="320" ind1=" " ind2=" ">
    <subfield code="a">&#x423;&#x43A;&#x430;&#x437;. &#x430;&#x432;&#x442;.: &#x441;. 98-99</subfield>
  </datafield>
  <datafield tag="510" ind1="1" ind2=" ">
    <subfield code="6">z01791</subfield>
    <subfield code="a">VIII International workshop "Physics and forecasting of rock destruction", St. Petersdurg, may 24-29, 2010</subfield>
    <subfield code="e">abstracts</subfield>
    <subfield code="z">eng</subfield>
  </datafield>
  <datafield tag="606" ind1="1" ind2=" ">
    <subfield code="a">&#x413;&#x43E;&#x440;&#x43D;&#x44B;&#x435; &#x43F;&#x43E;&#x440;&#x43E;&#x434;&#x44B;</subfield>
    <subfield code="j">&#x421;&#x44A;&#x435;&#x437;&#x434;&#x44B;, &#x441;&#x43E;&#x432;&#x435;&#x449;&#x430;&#x43D;&#x438;&#x44F; &#x438; &#x442;.&#x43F;</subfield>
    <subfield code="x">&#x420;&#x430;&#x437;&#x440;&#x443;&#x448;&#x435;&#x43D;&#x438;&#x435;</subfield>
    <subfield code="x">&#x41F;&#x440;&#x43E;&#x433;&#x43D;&#x43E;&#x437;&#x44B;</subfield>
    <subfield code="9">992181</subfield>
    <subfield code="3">RU\NLR\AUTH\66374981</subfield>
  </datafield>
  <datafield tag="686" ind1=" " ind2=" ">
    <subfield code="a">&#x414;217.111&#x44F;431(0)</subfield>
  </datafield>
  <datafield tag="686" ind1=" " ind2=" ">
    <subfield code="a">&#x414;340.442&#x44F;431(0)</subfield>
  </datafield>
  <datafield tag="710" ind1="1" ind2="2">
    <subfield code="a">"&#x424;&#x438;&#x437;&#x438;&#x447;&#x435;&#x441;&#x43A;&#x438;&#x435; &#x43E;&#x441;&#x43D;&#x43E;&#x432;&#x44B; &#x43F;&#x440;&#x43E;&#x433;&#x43D;&#x43E;&#x437;&#x438;&#x440;&#x43E;&#x432;&#x430;&#x43D;&#x438;&#x44F; &#x440;&#x430;&#x437;&#x440;&#x443;&#x448;&#x435;&#x43D;&#x438;&#x44F; &#x433;&#x43E;&#x440;&#x43D;&#x44B;&#x445; &#x43F;&#x43E;&#x440;&#x43E;&#x434;", &#x43C;&#x435;&#x436;&#x434;&#x443;&#x43D;&#x430;&#x440;&#x43E;&#x434;&#x43D;&#x430;&#x44F; &#x448;&#x43A;&#x43E;&#x43B;&#x430;-&#x441;&#x435;&#x43C;&#x438;&#x43D;&#x430;&#x440;</subfield>
    <subfield code="d">8</subfield>
    <subfield code="f">2010</subfield>
    <subfield code="e">&#x421;&#x430;&#x43D;&#x43A;&#x442;-&#x41F;&#x435;&#x442;&#x435;&#x440;&#x431;&#x443;&#x440;&#x433;</subfield>
    <subfield code="3">RU\NLR\AUTH\8810159944</subfield>
    <subfield code="9">815476</subfield>
  </datafield>
  <datafield tag="791" ind1="1" ind2="2">
    <subfield code="8">eng</subfield>
    <subfield code="a">"Physics and forecasting of rock destruction", international workshop</subfield>
    <subfield code="d">8</subfield>
    <subfield code="f">2010</subfield>
    <subfield code="e">Saint-Petersburg</subfield>
    <subfield code="7">ba</subfield>
    <subfield code="3">RU\NLR\auth\8810160038</subfield>
    <subfield code="9">815687</subfield>
  </datafield>
  <datafield tag="801" ind1=" " ind2="0">
    <subfield code="a">RU</subfield>
    <subfield code="b">NLR</subfield>
    <subfield code="c">20100715</subfield>
    <subfield code="g">RCR</subfield>
  </datafield>
  <datafield tag="801" ind1=" " ind2="1">
    <subfield code="a">RU</subfield>
    <subfield code="b">NLR</subfield>
    <subfield code="c">20100715</subfield>
  </datafield>
  <datafield tag="942" ind1=" " ind2=" ">
    <subfield code="c">BOOK</subfield>
  </datafield>
  <datafield tag="980" ind1=" " ind2=" ">
    <subfield code="a">NB</subfield>
  </datafield>
  <datafield tag="995" ind1=" " ind2=" ">
    <subfield code="5">2010-07-15</subfield>
    <subfield code="a">ad</subfield>
    <subfield code="b">NLR01</subfield>
    <subfield code="c">NLR01</subfield>
    <subfield code="e">RF8</subfield>
    <subfield code="f">3213666</subfield>
    <subfield code="k">2010-8/2180</subfield>
    <subfield code="o">0</subfield>
    <subfield code="r">BOOK</subfield>
    <subfield code="s">201082180_</subfield>
  </datafield>
  <datafield tag="995" ind1=" " ind2=" ">
    <subfield code="5">2010-07-15</subfield>
    <subfield code="a">ad</subfield>
    <subfield code="b">NLR01</subfield>
    <subfield code="c">NLR01</subfield>
    <subfield code="e">RF8</subfield>
    <subfield code="f">3213667</subfield>
    <subfield code="k">2010-8/2180</subfield>
    <subfield code="o">0</subfield>
    <subfield code="r">BOOK</subfield>
    <subfield code="s">201082180_</subfield>
  </datafield>
</record>
